000 00723nam a2200193 i 4500
001 52635
003 ES-MaACL
005 20230906162622.0
007 t|
008 030902s1935 xxk ||||1| eng d
100 1 _aDawson, Thomas Rayner.
_943012
245 1 0 _aRubber
_b: physical and chemical properties /
_cT. R. Dawson and B. D. Porritt with a foreword by Herbert Wrigth.
260 _aCroydon :
_bResearch Association of British Rubber,
_c1935 (
_eLondon :
_fWilliam Clowes and Sons)
300 _aXI, 700 p. :
_bil. ;
_c25 cm.
700 1 _aPorritt, Benjamin Dawson.
_993167
700 1 _aWrigth, Herbert.
_9117429
710 2 _aResearch Association of British Rubber.
_96435
852 _aES-MaACL
_jC-22351
_bR.24056
999 _c52635
_d52635